| 000 | 00749cam a2200253ua 4500 | ||
|---|---|---|---|
| 999 |
_c14842 _d14842 |
||
| 020 | _a81-203-1493-X | ||
| 020 | _a9788120335868 | ||
| 082 |
_a631.45 _bDAS/HY |
||
| 100 |
_aDas, Ghanshyam . _92060 |
||
| 245 | _aHydrology and soil conservation engineering Including watershed management | ||
| 250 | _a2 | ||
| 260 |
_aNew Delhi : _bPrentice Hall of India Pvt Ltd. , _c2016 |
||
| 300 | _a539 ; . | ||
| 650 |
_aAbstraction losses _92061 |
||
| 650 |
_aFlood routing _92062 |
||
| 650 |
_aHydrographs _92063 |
||
| 650 |
_aPrecipitation _92064 |
||
| 650 |
_aSoil erosion _92065 |
||
| 650 |
_astream flow _92066 |
||
| 650 |
_aTime series analysis _92067 |
||
| 650 |
_awater harvesting _92068 |
||
| 650 |
_awatershed management _92069 |
||
| 942 | _cBK | ||